[Event "AUTO-OPEN-4596"]
[Site "http://www.queenalice.com/game.php?id=1857841"]
[Date "2025.5.24"]
[Round "1"]
[White "grotegeest"]
[Black "bmax"]
[Result "1-0"]
[WhiteElo "2586"]
[BlackElo "2235"]

1. e4 c6 2. d4 d5 3. exd5 cxd5 4. c4 Nf6 5. Nc3 Nc6 6. Nf3 Bg4 7. cxd5 Nxd5 8.
Qb3 Bxf3 9. gxf3 e6 10. Qxb7 Nxd4 11. Bb5+ Nxb5 12. Qc6+ Ke7 13. Qc5+ Nd6 14.
Nxd5+ exd5 15. O-O Qb6 16. Qxd5 Qb7 17. Qh5 g6 18. Qe5+ Kd7 19. Qxh8 Qxf3 20.
Qd4 a5 21. Qa4+ Qc6 22. Qxc6+ Kxc6 23. Bd2 Bg7 24. Rac1+ Kd7 25. Bc3 Bxc3 26.
Rxc3 Ke8 27. Rd1 Nf5 28. Rdc1 Nd6 29. Ra3 Kf8 30. b4 a4 31. Rd3 Nb5 32. Rd5 Na3
33. Rc3 Nb1 34. Rcd3 Kg7 35. a3 h5 36. Rc5 1-0

[Event "AUTO-OPEN-4597"]
[Site "http://www.queenalice.com/game.php?id=1858025"]
[Date "2025.5.30"]
[Round "1"]
[White "game"]
[Black "grotegeest"]
[Result "0-1"]
[WhiteElo "1691"]
[BlackElo "2573"]

1. e4 c5 2. Bc4 Nc6 3. Nf3 e6 4. d4 cxd4 5. Nxd4 Nf6 6. Nf3 Nxe4 7. O-O d5 8.
Bd3 Bc5 9. Qe2 f5 10. Rd1 Nxf2 11. Rd2 Nxd3+ 12. Kh1 Nxc1 13. Qb5 Qb6 14. Nc3
Qxb5 15. Nxb5 O-O 16. Rxc1 Be3 17. Nc7 Bxd2 18. Nxd2 Rb8 19. Re1 a6 20. Nf3 Bd7
21. Nxe6 Bxe6 22. Rxe6 Rbe8 23. Ng5 Rxe6 24. Nxe6 Re8 0-1

[Event "AUTO-OPEN-4597"]
[Site "http://www.queenalice.com/game.php?id=1858026"]
[Date "2025.5.30"]
[Round "1"]
[White "grotegeest"]
[Black "game"]
[Result "1-0"]
[WhiteElo "2571"]
[BlackElo "1732"]

1. e4 e5 2. f4 exf4 3. Nf3 d6 4. Nc3 Nf6 5. d4 Bg4 6. Bxf4 Be7 7. h3 Bxf3 8.
Qxf3 Nc6 9. O-O-O Qd7 10. e5 dxe5 11. dxe5 Nd4 12. Qxb7 Rd8 13. exf6 Bxf6 14.
Bb5 c6 15. Rhe1+ Be7 16. Bxc6 Qxc6 17. Qxe7# 1-0

[Event "AUTO-OPEN-4597"]
[Site "http://www.queenalice.com/game.php?id=1858055"]
[Date "2025.5.30"]
[Round "1"]
[White "grotegeest"]
[Black "IranSilva"]
[Result "1-0"]
[WhiteElo "2576"]
[BlackElo "2202"]

1. e4 e6 2. d4 d5 3. Nc3 dxe4 4. Nxe4 Nd7 5. Nf3 Ngf6 6. Bd3 Nxe4 7. Bxe4 Nf6 8.
Bd3 a6 9. Be3 Bd6 10. Qe2 O-O 11. Bg5 h6 12. h4 b6 13. Bxf6 1-0

[Event "AUTO-OPEN-4597"]
[Site "http://www.queenalice.com/game.php?id=1858056"]
[Date "2025.5.30"]
[Round "1"]
[White "IranSilva"]
[Black "grotegeest"]
[Result "0-1"]
[WhiteElo "2208"]
[BlackElo "2579"]

1. Nf3 Nf6 2. g3 g6 3. Bg2 Bg7 4. O-O O-O 5. d4 d6 6. c4 Nc6 7. Nc3 a6 8. h3 Rb8
9. a4 a5 10. e4 e5 11. dxe5 dxe5 12. Bg5 Qxd1 13. Raxd1 Be6 14. Bxf6 Bxf6 15.
Nd5 Bd8 16. b3 f6 17. Rd2 Rc8 18. Ne1 Nd4 0-1

[Event "AUTO-OPEN-4597"]
[Site "http://www.queenalice.com/game.php?id=1858057"]
[Date "2025.5.30"]
[Round "1"]
[White "grotegeest"]
[Black "Carlos19"]
[Result "1-0"]
[WhiteElo "2575"]
[BlackElo "1739"]

1. e4 e5 2. Nf3 Nc6 3. Bc4 h6 4. d4 exd4 5. c3 Bb4 6. cxb4 a6 7. Nxd4 Nxb4 8.
Qb3 c5 9. Bxf7+ Kf8 10. Bd2 a5 11. a3 a4 12. Qf3 Nf6 13. Bg6 cxd4 14. Bxb4+ d6
15. e5 Bg4 16. Qxb7 Kg8 17. Qf7# 1-0

[Event "AUTO-OPEN-4597"]
[Site "http://www.queenalice.com/game.php?id=1858058"]
[Date "2025.5.30"]
[Round "1"]
[White "Carlos19"]
[Black "grotegeest"]
[Result "0-1"]
[WhiteElo "1697"]
[BlackElo "2580"]

1. e4 c5 2. Nf3 Nc6 3. Bb5 Na5 4. d4 a6 5. Be2 cxd4 6. Qxd4 d6 7. O-O Nf6 8. Bg5
e6 9. e5 Nc6 10. Qc3 dxe5 11. Qc4 Qc7 12. Bxf6 gxf6 13. h3 Bd7 14. a3 f5 15. g4
e4 16. Nd4 Qf4 17. Nxc6 Bd6 18. Rc1 Qh2+ 19. Kf1 Qh1# 0-1

[Event "AUTO-OPEN-4599"]
[Site "http://www.queenalice.com/game.php?id=1858548"]
[Date "2025.6.9"]
[Round "1"]
[White "Jomaley"]
[Black "grotegeest"]
[Result "0-1"]
[WhiteElo "1559"]
[BlackElo "2577"]

1. e4 c5 2. c4 b6 3. d3 Bb7 4. Bf4 g6 5. g4 Nc6 6. Nh3 h5 7. gxh5 Rxh5 8. Ng5 e5
9. Be3 Rxg5 10. Bxg5 Qxg5 11. Nd2 Nd4 12. h4 Qf4 13. h5 O-O-O 14. hxg6 fxg6 15.
Rh8 Bg7 16. Rh7 Rf8 17. Nf3 Nxf3+ 18. Ke2 Nd4+ 19. Ke1 Qxf2# 0-1

[Event "AUTO-OPEN-4599"]
[Site "http://www.queenalice.com/game.php?id=1858549"]
[Date "2025.6.9"]
[Round "1"]
[White "grotegeest"]
[Black "Jomaley"]
[Result "1-0"]
[WhiteElo "2585"]
[BlackElo "1545"]

1. e4 e5 2. f4 Bd6 3. Nf3 Qf6 4. Nc3 exf4 5. Bc4 Nh6 6. O-O c6 7. e5 Bxe5 8.
Nxe5 d5 9. Bb3 O-O 10. d4 g5 11. h4 gxh4 12. Rxf4 Qg6 13. Nxg6 fxg6 14. Rxf8+
Kxf8 15. Bxh6+ Ke7 16. Qe2+ Be6 17. Re1 Na6 18. Qxe6+ Kd8 19. Qd6+ Kc8 20. Re8#
1-0

[Event "AUTO-OPEN-4599"]
[Site "http://www.queenalice.com/game.php?id=1858579"]
[Date "2025.6.9"]
[Round "1"]
[White "Fischercat"]
[Black "grotegeest"]
[Result "0-1"]
[WhiteElo "1884"]
[BlackElo "2584"]

1. e4 c5 2. Bc4 Nc6 3. Nf3 e6 4. O-O Nf6 5. d3 d5 6. exd5 exd5 7. Bb5 Bd6 8.
Re1+ Be6 9. h3 O-O 10. Bg5 h6 11. Bh4 g5 12. Bg3 Bxg3 13. fxg3 Ne7 14. Ne5 a6
15. Ba4 b5 16. Bb3 c4 17. dxc4 dxc4 0-1

[Event "AUTO-OPEN-4599"]
[Site "http://www.queenalice.com/game.php?id=1858580"]
[Date "2025.6.9"]
[Round "1"]
[White "grotegeest"]
[Black "juim"]
[Result "1-0"]
[WhiteElo "2582"]
[BlackElo "1654"]

1. e4 d5 2. exd5 Qxd5 3. Nc3 Qd8 4. d4 e6 5. Nf3 Bb4 6. Bd3 Bxc3+ 7. bxc3 Nf6 8.
Ba3 Bd7 9. O-O Nd5 10. Re1 Nc6 11. c4 Nf4 12. d5 Ne7 13. Qd2 Nxd3 14. Qxd3 O-O
15. dxe6 fxe6 16. Ne5 Qe8 17. Nxd7 Rf7 18. Rxe6 Rd8 19. Rd1 Rf4 20. Rxe7 Qg6 21.
Nf6+ 1-0

[Event "AUTO-OPEN-4599"]
[Site "http://www.queenalice.com/game.php?id=1858581"]
[Date "2025.6.9"]
[Round "1"]
[White "juim"]
[Black "grotegeest"]
[Result "0-1"]
[WhiteElo "1652"]
[BlackElo "2583"]

1. e4 c5 2. d4 cxd4 3. Qxd4 Nc6 4. Qd1 Nf6 5. Bd3 d5 6. exd5 Qxd5 7. Nf3 Bg4 8.
h3 Bh5 9. g4 Bg6 10. Be3 e5 11. Nc3 Bb4 12. Bd2 Bxc3 13. Bxc3 e4 14. Be2 Qxd1+
15. Bxd1 exf3 16. Bxf6 gxf6 17. Bxf3 O-O-O 18. Bxc6 bxc6 19. c4 Rhe8+ 20. Kf1
Rd2 21. b4 Ree2 22. Rh2 Bd3 23. Kg1 Bxc4 24. a4 Bd5 25. b5 Ra2 26. Rc1 Rec2 27.
Rb1 Rxa4 28. h4 Rxg4+ 29. Kf1 Bc4+ 30. Ke1 Rg1# 0-1

[Event "AUTO-ELITE-2587"]
[Site "http://www.queenalice.com/game.php?id=1858779"]
[Date "2025.6.14"]
[Round "1"]
[White "Ahlkhanvio"]
[Black "grotegeest"]
[Result "1/2-1/2"]
[WhiteElo "2591"]
[BlackElo "2586"]

1. d4 Nf6 2. Bf4 c5 3. e3 g6 4. c3 Qb6 5. Qb3 Bg7 6. Nd2 O-O 7. Ngf3 d6 8. Be2
Be6 9. Qxb6 axb6 10. a3 Bd5 11. O-O Bc6 1/2-1/2

[Event "AUTO-ELITE-2592"]
[Site "http://www.queenalice.com/game.php?id=1861173"]
[Date "2025.8.5"]
[Round "1"]
[White "WoodpusherKid"]
[Black "grotegeest"]
[Result "1/2-1/2"]
[WhiteElo "2558"]
[BlackElo "2590"]

1. c4 g6 2. d4 Bg7 3. Nc3 d6 4. e4 Nf6 5. Nf3 O-O 6. Bd3 Bg4 7. Be2 Nfd7 8. Ng1
Bxe2 9. Ngxe2 e5 10. d5 Qh4 11. O-O Bh6 12. b3 a5 13. Nb5 Na6 14. Bxh6 Qxh6 15.
a3 Rfc8 16. Qc2 Qf8 17. Rad1 Qe7 18. h3 Nac5 19. Rde1 c6 20. Nbc3 Nb6 21. Rd1
Rab8 1/2-1/2

[Event "AUTO-ELITE-2592"]
[Site "http://www.queenalice.com/game.php?id=1861174"]
[Date "2025.8.5"]
[Round "1"]
[White "grotegeest"]
[Black "WoodpusherKid"]
[Result "0-1"]
[WhiteElo "2590"]
[BlackElo "2569"]

1. e4 e5 2. Nc3 Nc6 3. f4 exf4 4. d4 Qh4+ 5. Ke2 b6 6. Qd2 Qh5+ 7. Ke1 Bb4 8.
Nge2 Nf6 9. Qxf4 O-O 10. e5 Nd5 11. Qe4 Nde7 12. Nf4 Qf5 13. Bd3 Qxe4+ 14. Bxe4
Rb8 15. a3 Bxc3+ 16. bxc3 f6 17. exf6 Rxf6 18. Kd1 h6 19. Re1 Ba6 0-1

[Event "AUTO-ELITE-2592"]
[Site "http://www.queenalice.com/game.php?id=1861182"]
[Date "2025.8.5"]
[Round "1"]
[White "acid"]
[Black "grotegeest"]
[Result "1-0"]
[WhiteElo "2696"]
[BlackElo "2582"]

1. d4 Nf6 2. c4 g6 3. Nc3 Bg7 4. e4 d6 5. Nf3 O-O 6. h3 e5 7. d5 Nh5 8. g3 Na6
9. Be3 f5 10. exf5 gxf5 11. Ng5 Nf6 12. Qd2 Qe7 13. Be2 Bd7 14. O-O-O Kh8 15.
Rhg1 Rae8 16. Kb1 Nc5 17. g4 1-0

[Event "AUTO-OPEN-4610"]
[Site "http://www.queenalice.com/game.php?id=1861771"]
[Date "2025.8.18"]
[Round "1"]
[White "grotegeest"]
[Black "australia"]
[Result "1-0"]
[WhiteElo "2589"]
[BlackElo "1775"]

1. e4 h6 2. d4 a6 3. Bd3 Nc6 4. Be3 e5 5. d5 Nb4 6. Bc4 a5 7. Nf3 d6 8. Nc3 Nf6
9. h3 Bd7 10. a3 Na6 11. Qe2 Nc5 12. Bxc5 dxc5 13. Nxe5 Bd6 14. f4 Ng8 15. O-O
Bxe5 16. fxe5 Qg5 17. e6 Bc8 18. exf7+ Kd8 19. f8=Q+ 1-0